Australia and Japan : Issues in the economic relationship

Đã lưu trong:
Sonraí Bibleagrafaíochta
Príomhúdar: Crawford, John
Formáid: Leabhar
Teanga:Undetermined
Foilsithe: Tokyo 1979
Clibeanna: Cuir Clib Leis
Gan Chlibeanna, Bí ar an gcéad duine leis an taifead seo a chlibeáil!
Thư viện lưu trữ: Trung tâm Học liệu Trường Đại học Cần Thơ
LEADER 00424nam a2200157Ia 4500
001 CTU_79481
008 210402s9999 xx 000 0 und d
082 |a 337.5294 
082 |b C899 
100 |a Crawford, John 
245 0 |a Australia and Japan : 
245 0 |b Issues in the economic relationship 
245 0 |c John Crawford 
260 |a Tokyo 
260 |c 1979 
980 |a Trung tâm Học liệu Trường Đại học Cần Thơ